Гидродинамические методы исследования пластов и скважин: библиографический указатель отечественной и иностранной книжной и журнальной литературы за 1964 - 1970 (6) гг.

Detaylı Bibliyografya
Yazar: Самсонова Н. Н.
Müşterek Yazar: Всесоюзный научно-исследовательский институт организации, управления и экономики нефтегазовой промышленности
Dil:Rusça
Baskı/Yayın Bilgisi: Москва, ВНИИОЭНГ, 1970
Konular:
Materyal Türü: MixedMaterials Kitap
KOHA link:https://koha.lib.tpu.ru/cgi-bin/koha/opac-detail.pl?biblionumber=102696

MARC

LEADER 00000nam0a2200000 4500
001 102696
005 20231101214437.0
035 |a (RuTPU)RU\TPU\book\110738 
090 |a 102696 
100 |a 20061003d1970 km y0rusy50 ca 
101 0 |a rus 
102 |a RU 
105 |a y a 000zy 
200 1 |a Гидродинамические методы исследования пластов и скважин  |e библиографический указатель отечественной и иностранной книжной и журнальной литературы за 1964 - 1970 (6) гг.  |f Н. Н. Самсонова  |g Всесоюзный научно-исследовательский институт организации, управления и экономики нефтегазовой промышленности 
210 |a Москва  |c ВНИИОЭНГ  |d 1970 
215 |a 144 с. 
610 1 |a библиографические указатели 
610 1 |a горное дело 
610 1 |a гидродинамические методы 
610 1 |a пласты 
610 1 |a скважины 
610 1 |a скважины газовые 
610 1 |a исследования 
610 1 |a приборы 
675 |a 622.323.276(01)  |v 3 
686 |a Я19:622.32  |v LBC/SL-A  |2 rubbk 
700 1 |a Самсонова  |b Н. Н. 
712 0 2 |a Всесоюзный научно-исследовательский институт организации, управления и экономики нефтегазовой промышленности  |9 24439 
801 1 |a RU  |b 63413507  |c 20061003  |g PSBO 
801 2 |a RU  |b 63413507  |c 20111020  |g PSBO 
942 |c BK